Japan die konzertierte aggression

Gespeichert in:
Bibliographische Detailangaben
1. Verfasser: Wilfried Scharnagl
Format: Buch
Sprache:Undetermined
Veröffentlicht: Germany Ehrenwirth 1969
Schlagworte:
Tags: Tag hinzufügen
Keine Tags, Fügen Sie den ersten Tag hinzu!
Thư viện lưu trữ: Trung tâm Học liệu Trường Đại học Cần Thơ
LEADER 00468nam a2200181Ia 4500
001 CTU_84972
008 210402s9999 xx 000 0 und d
082 |a 332.6 
082 |b S311 
100 |a Wilfried Scharnagl 
245 0 |a Japan die konzertierte aggression 
245 0 |c Wilfried Scharnagl 
260 |a Germany 
260 |b Ehrenwirth 
260 |c 1969 
650 |a investment 
650 |z japan 
980 |a Trung tâm Học liệu Trường Đại học Cần Thơ